000 00916nam a22002537a 4500
005 20170123162313.0
010 _aB-070473
020 _c150.00
035 _aB-070473
037 _bCen Lib/Ret
040 _aDPL
_bUR
082 _a843.08
_bچ ا و
245 _aہر چران چووا :
_cمرتب نگار اعظمی
_bفن اور شاکسیت /
246 _aHar Charan Chawla : fan aur shaksiyat /
_bedited by Nigar Aazmi
260 _bتخلکار پبلشرس
_aنیی دہلی
_c2003
270 _a104/B, یاور منزل آی بلاک لکشمی نگر
_bنیی دہلی
_e110092
300 _a228p.
_c21cm(Hb)
650 _aاردو ادب
_9112852
650 _aاردو سوانح عمری
_9112853
650 _aUrdu literature
_9112854
650 _aUrdu biography
_9511
700 _a نگار اعظمی
_9112855
942 _2ddc
_cUR
_h843.08
_mچ ا و
999 _c106524
_d106524